MARC

LEADER 00000nam a22000007a 4500
005 2021090703203.0
007 cr|||| ||||
008 210907s2020 eu |||||s|||| 00||0 eng d
020 |a 978-92-76-21623-0 
035 |a 34376 
040 |a vLex 
090 |c 12294  |d 12294 
100 1 |a Lamy, Pascal 
245 1 0 |a Mission Starfish 2030  |h [Recurso electrn̤ico] :  |b Restore our ocean and waters /  |c Pascal Lamy, Peter Heffernan, Klara Ramm, Boyan Slat, Antidia Citores, Darko Manakovski, Tiago Pitta e Cunha, Valentin Moldoveanu, Lowri Evans, Aristomenis Karageorgis, Alan Deidun, Gesine Meissner, Lea Kauppi, Franȯis Galgani, Maria Cristina Pedicchio, Geneviv̈e Pons 
256 |a Servicio en ln̕ea 
260 |a Bruselas:  |b European Union Publications Office,  |c 2020 
300 |a 1 recurso electrn̤ico 
506 1 |a Disponible solo en los productos indicados  |d vLex Global  |d vLex Global (Academic Edition, excluding Law Schools)  |d vLex Global (U.S. Academic Edition, Law Schools)  |d vLex Global (U.S. Academic Edition, excluding Law Schools)  |d vLex Global (Academic Edition, Law Schools) 
650 0 4 |a Derecho Comunitario  |z Unin̤ Europea 
650 0 4 |a Derecho del Medio Ambiente  |z Unin̤ Europea 
700 1 |a Heffernan, Peter 
700 1 |a Ramm, Klara 
700 1 |a Slat, Boyan 
700 1 |a Citores, Antidia 
700 1 |a Manakovski, Darko 
700 1 |a Pitta e Cunha, Tiago 
700 1 |a Moldoveanu, Valentin 
700 1 |a Evans, Lowri 
700 1 |a Karageorgis, Aristomenis 
700 1 |a Deidun, Alan 
700 1 |a Meissner, Gesine 
700 1 |a Kauppi, Lea 
700 1 |a Galgani, Franȯis 
700 1 |a Pedicchio, Maria Cristina 
700 1 |a Pons, Geneviv̈e 
740 0 |a vLex Libros (Servicio en ln̕ea) 
856 4 0 |u https://app.vlex.com/#/sources/34376  |z Acceso restringido 
942 |c BOOK 
999 0 |a Community Law 
999 0 |a Environmental Law